Vie et paroles du Maître Philippe /
Saved in:
| Main Author: | |
|---|---|
| Other Authors: | |
| Format: | Book |
| Language: | French |
| Published: |
Lyon :
Derain,
1959.
|
| Subjects: | |
| Tags: |
Add Tag
No Tags, Be the first to tag this record!
|
| LEADER | 00661nam a2200217Ma 4500 | ||
|---|---|---|---|
| 001 | 005347350-7 | ||
| 005 | 20020606095253.2 | ||
| 008 | 910218s1959 fr af 000 0bfre d | ||
| 035 | 0 | |a ocm23207802 | |
| 040 | |a CUY |c CUY |d HLS | ||
| 043 | |a e-fr--- | ||
| 100 | 1 | |a Haehl, Alfred. | |
| 245 | 1 | 0 | |a Vie et paroles du Maître Philippe / |c témoignage d'Alfred Haehl. |
| 260 | |a Lyon : |b Derain, |c 1959. | ||
| 300 | |a 357 p., [10] p. of plates : |b ill. ; |c 19 cm. | ||
| 600 | 0 | 0 | |a Philippe, |c maître, |d 1849-1905. |
| 650 | 0 | |a Catholics |z France |v Biography. | |
| 650 | 0 | |a Physicians |z France |v Biography. | |
| 700 | 0 | |a Philippe, |c maître, |d 1849-1905. | |
| 988 | |a 20020608 | ||
| 906 | |0 OCLC | ||


